000
00215 a2200097 4500
001
56985
100
_a
245
_a
Quran Aur Jadeed Science
260
_a
Lahore
_b
Beacon Pub
_c
2007
090
_c
34912
_d
34912
942
_a
NUST-CAE
_c
MONOGRAPH
_c
27683
999
_c
292058
_d
292058